Normal view MARC view

Entry Personal Name

Number of records used in: 1

001 - CONTROL NUMBER

  • control field: 234468

003 - CONTROL NUMBER IDENTIFIER

  • control field: OSt

005 - DATE AND TIME OF LATEST TRANSACTION

  • control field: 20250807110705.0

008 - FIXED-LENGTH DATA ELEMENTS

  • fixed length control field: 250807|| aca||aabn | a|a d

040 ## - CATALOGING SOURCE

  • Original cataloging agency: OSt
  • Transcribing agency: OSt

100 ## - HEADING--PERSONAL NAME

  • Personal name: HEMA PATTANASHETTI.
  • Dates associated with a name: ಹೇಮಾ ಪಟ್ಟಣಶೆಟ್ಟಿ

670 ## - SOURCE DATA FOUND

  • Source citation: Work cat.: (OSt)105522: HEMA PATTANASHETTI. ಹೇಮಾ ಪಟ್ಟಣಶೆಟ್ಟಿ, Rangadangala., 1999